<?xml version="1.0" encoding="UTF-8"?>
<collection xmlns="http://www.loc.gov/MARC21/slim">
 <record>
  <leader>05417cam a2201057   4500</leader>
  <controlfield tag="001">611244578</controlfield>
  <controlfield tag="003">DE-627</controlfield>
  <controlfield tag="005">20230613181521.0</controlfield>
  <controlfield tag="007">tu</controlfield>
  <controlfield tag="008">210928s2010    xxk|||||      00| ||eng c</controlfield>
  <datafield tag="010" ind1=" " ind2=" ">
   <subfield code="a">  2010283335</subfield>
  </datafield>
  <datafield tag="016" ind1="7" ind2=" ">
   <subfield code="a">015391255</subfield>
   <subfield code="2">UK</subfield>
  </datafield>
  <datafield tag="020" ind1=" " ind2=" ">
   <subfield code="a">0521768195</subfield>
   <subfield code="c">hbk : £ 63,00, Eur 77,48 (D)</subfield>
   <subfield code="9">0-521-76819-5</subfield>
  </datafield>
  <datafield tag="020" ind1=" " ind2=" ">
   <subfield code="a">9780521768191</subfield>
   <subfield code="c"> : hbk : £ 63,00, Eur 77,48 (D)</subfield>
   <subfield code="9">978-0-521-76819-1</subfield>
  </datafield>
  <datafield tag="024" ind1="3" ind2=" ">
   <subfield code="a">9780521768191</subfield>
  </datafield>
  <datafield tag="035" ind1=" " ind2=" ">
   <subfield code="a">(DE-627)611244578</subfield>
  </datafield>
  <datafield tag="035" ind1=" " ind2=" ">
   <subfield code="a">(DE-576)313644772</subfield>
  </datafield>
  <datafield tag="035" ind1=" " ind2=" ">
   <subfield code="a">(DE-599)GBV611244578</subfield>
  </datafield>
  <datafield tag="035" ind1=" " ind2=" ">
   <subfield code="a">(OCoLC)845621848</subfield>
  </datafield>
  <datafield tag="035" ind1=" " ind2=" ">
   <subfield code="a">(OCoLC)695725633</subfield>
  </datafield>
  <datafield tag="040" ind1=" " ind2=" ">
   <subfield code="a">DE-627</subfield>
   <subfield code="b">ger</subfield>
   <subfield code="c">DE-627</subfield>
   <subfield code="e">rakwb</subfield>
  </datafield>
  <datafield tag="041" ind1=" " ind2=" ">
   <subfield code="a">eng</subfield>
  </datafield>
  <datafield tag="044" ind1=" " ind2=" ">
   <subfield code="c">XA-GB</subfield>
   <subfield code="c">XD-US</subfield>
   <subfield code="c">XE-AU</subfield>
  </datafield>
  <datafield tag="050" ind1=" " ind2="0">
   <subfield code="a">BX1112</subfield>
  </datafield>
  <datafield tag="082" ind1="0" ind2=" ">
   <subfield code="a">945.63202</subfield>
   <subfield code="2">22</subfield>
  </datafield>
  <datafield tag="084" ind1=" " ind2=" ">
   <subfield code="a">1</subfield>
   <subfield code="2">ssgn</subfield>
  </datafield>
  <datafield tag="084" ind1=" " ind2=" ">
   <subfield code="a">NV 2510</subfield>
   <subfield code="2">rvk</subfield>
   <subfield code="0">(DE-625)rvk/131648:</subfield>
  </datafield>
  <datafield tag="084" ind1=" " ind2=" ">
   <subfield code="a">74.72</subfield>
   <subfield code="2">bkl</subfield>
  </datafield>
  <datafield tag="084" ind1=" " ind2=" ">
   <subfield code="a">15.31</subfield>
   <subfield code="2">bkl</subfield>
  </datafield>
  <datafield tag="084" ind1=" " ind2=" ">
   <subfield code="a">11.50</subfield>
   <subfield code="2">bkl</subfield>
  </datafield>
  <datafield tag="100" ind1="1" ind2=" ">
   <subfield code="a">Goodson, Caroline J.</subfield>
   <subfield code="0">(DE-627)1383644632</subfield>
   <subfield code="0">(DE-576)313644632</subfield>
   <subfield code="4">aut</subfield>
  </datafield>
  <datafield tag="245" ind1="1" ind2="4">
   <subfield code="a">The Rome of Pope Paschal I</subfield>
   <subfield code="b">papal power, urban renovation, church rebuilding and relic translation, 817 - 824</subfield>
   <subfield code="c">Caroline J. Goodson</subfield>
  </datafield>
  <datafield tag="250" ind1=" " ind2=" ">
   <subfield code="a">1. publ.</subfield>
  </datafield>
  <datafield tag="264" ind1=" " ind2="1">
   <subfield code="a">Cambridge [u.a.]</subfield>
   <subfield code="b">Cambridge Univ. Press</subfield>
   <subfield code="c">2010</subfield>
  </datafield>
  <datafield tag="300" ind1=" " ind2=" ">
   <subfield code="a">XIX, 385 S.</subfield>
   <subfield code="b">Ill., Kt.</subfield>
   <subfield code="c">23 cm</subfield>
  </datafield>
  <datafield tag="336" ind1=" " ind2=" ">
   <subfield code="a">Text</subfield>
   <subfield code="b">txt</subfield>
   <subfield code="2">rdacontent</subfield>
  </datafield>
  <datafield tag="337" ind1=" " ind2=" ">
   <subfield code="a">ohne Hilfsmittel zu benutzen</subfield>
   <subfield code="b">n</subfield>
   <subfield code="2">rdamedia</subfield>
  </datafield>
  <datafield tag="338" ind1=" " ind2=" ">
   <subfield code="a">Band</subfield>
   <subfield code="b">nc</subfield>
   <subfield code="2">rdacarrier</subfield>
  </datafield>
  <datafield tag="490" ind1="1" ind2=" ">
   <subfield code="a">Cambridge studies in medieval life and thought</subfield>
   <subfield code="v">Ser. 4, [77]</subfield>
  </datafield>
  <datafield tag="500" ind1=" " ind2=" ">
   <subfield code="a">Includes bibliographical references</subfield>
  </datafield>
  <datafield tag="505" ind1="8" ind2="0">
   <subfield code="a">1. Paschal I and the history of Rome -- 2. Building in Rome -- 3. Constructing the Papal city -- 4. Beyond the Basilica -- 5. Building the home of the Saints -- 6. Transformations.</subfield>
  </datafield>
  <datafield tag="520" ind1=" " ind2=" ">
   <subfield code="a">1. Paschal I and the history of Rome -- 2. Building in Rome -- 3. Constructing the Papal city -- 4. Beyond the Basilica -- 5. Building the home of the Saints -- 6. Transformations</subfield>
  </datafield>
  <datafield tag="583" ind1="1" ind2=" ">
   <subfield code="a">Archivierung/Langzeitarchivierung gewährleistet</subfield>
   <subfield code="f">SSG</subfield>
   <subfield code="2">pdager</subfield>
   <subfield code="5">DE-21</subfield>
  </datafield>
  <datafield tag="600" ind1="1" ind2="0">
   <subfield code="a">Paschal</subfield>
   <subfield code="b">I</subfield>
   <subfield code="c">Pope</subfield>
   <subfield code="d">-824</subfield>
  </datafield>
  <datafield tag="650" ind1=" " ind2="0">
   <subfield code="a">City planning</subfield>
   <subfield code="x">Religious aspects</subfield>
   <subfield code="x">Christianity</subfield>
  </datafield>
  <datafield tag="650" ind1=" " ind2="0">
   <subfield code="a">City planning</subfield>
   <subfield code="z">Italy</subfield>
   <subfield code="z">Rome</subfield>
   <subfield code="x">History</subfield>
   <subfield code="y">To 1500</subfield>
  </datafield>
  <datafield tag="650" ind1=" " ind2="0">
   <subfield code="a">Church architecture</subfield>
   <subfield code="z">Italy</subfield>
   <subfield code="z">Rome</subfield>
   <subfield code="x">History</subfield>
   <subfield code="y">To 1500</subfield>
  </datafield>
  <datafield tag="650" ind1=" " ind2="4">
   <subfield code="a">Geschichte 817-824</subfield>
  </datafield>
  <datafield tag="650" ind1=" " ind2="4">
   <subfield code="a">Rom</subfield>
  </datafield>
  <datafield tag="650" ind1=" " ind2="4">
   <subfield code="a">Paschalis &lt;Papst, I.&gt;</subfield>
  </datafield>
  <datafield tag="650" ind1=" " ind2="4">
   <subfield code="a">Primat</subfield>
  </datafield>
  <datafield tag="650" ind1=" " ind2="4">
   <subfield code="a">Kirchliche Erneuerung</subfield>
  </datafield>
  <datafield tag="650" ind1=" " ind2="4">
   <subfield code="a">Kirchenbau</subfield>
  </datafield>
  <datafield tag="650" ind1=" " ind2="4">
   <subfield code="a">Städtebau</subfield>
  </datafield>
  <datafield tag="650" ind1=" " ind2="4">
   <subfield code="a">Stadtentwicklung</subfield>
  </datafield>
  <datafield tag="651" ind1=" " ind2="0">
   <subfield code="a">Rome (Italy)</subfield>
   <subfield code="x">History</subfield>
   <subfield code="y">476-1420</subfield>
  </datafield>
  <datafield tag="653" ind1=" " ind2="4">
   <subfield code="a">Paschal</subfield>
   <subfield code="a">I,</subfield>
   <subfield code="a">Pope, d. 824</subfield>
  </datafield>
  <datafield tag="653" ind1=" " ind2="4">
   <subfield code="a">City planning</subfield>
   <subfield code="a">Italy</subfield>
   <subfield code="a">Rome</subfield>
   <subfield code="a">History</subfield>
   <subfield code="a">To 1500</subfield>
  </datafield>
  <datafield tag="653" ind1=" " ind2="4">
   <subfield code="a">Church architecture</subfield>
   <subfield code="a">Italy</subfield>
   <subfield code="a">Rome</subfield>
   <subfield code="a">History</subfield>
   <subfield code="a">To 1500</subfield>
  </datafield>
  <datafield tag="653" ind1=" " ind2="4">
   <subfield code="a">Rome (Italy)</subfield>
   <subfield code="a">History</subfield>
   <subfield code="a">476-1420</subfield>
  </datafield>
  <datafield tag="689" ind1="0" ind2="0">
   <subfield code="d">p</subfield>
   <subfield code="0">(DE-588)100957021</subfield>
   <subfield code="0">(DE-627)076685349</subfield>
   <subfield code="0">(DE-576)271769386</subfield>
   <subfield code="a">Paschalis</subfield>
   <subfield code="b">I.</subfield>
   <subfield code="c">Papst</subfield>
   <subfield code="d">-824</subfield>
   <subfield code="2">gnd</subfield>
  </datafield>
  <datafield tag="689" ind1="0" ind2="1">
   <subfield code="d">s</subfield>
   <subfield code="0">(DE-588)4175702-6</subfield>
   <subfield code="0">(DE-627)105362158</subfield>
   <subfield code="0">(DE-576)209965533</subfield>
   <subfield code="a">Primat</subfield>
   <subfield code="2">gnd</subfield>
  </datafield>
  <datafield tag="689" ind1="0" ind2="2">
   <subfield code="d">s</subfield>
   <subfield code="0">(DE-588)4163950-9</subfield>
   <subfield code="0">(DE-627)105451061</subfield>
   <subfield code="0">(DE-576)209884975</subfield>
   <subfield code="a">Kirchliche Erneuerung</subfield>
   <subfield code="2">gnd</subfield>
  </datafield>
  <datafield tag="689" ind1="0" ind2=" ">
   <subfield code="5">(DE-627)</subfield>
  </datafield>
  <datafield tag="689" ind1="1" ind2="0">
   <subfield code="d">g</subfield>
   <subfield code="0">(DE-588)4050471-2</subfield>
   <subfield code="0">(DE-627)106181963</subfield>
   <subfield code="0">(DE-576)20908751X</subfield>
   <subfield code="a">Rom</subfield>
   <subfield code="2">gnd</subfield>
  </datafield>
  <datafield tag="689" ind1="1" ind2="1">
   <subfield code="d">s</subfield>
   <subfield code="0">(DE-588)4056795-3</subfield>
   <subfield code="0">(DE-627)106153706</subfield>
   <subfield code="0">(DE-576)209119012</subfield>
   <subfield code="a">Städtebau</subfield>
   <subfield code="2">gnd</subfield>
  </datafield>
  <datafield tag="689" ind1="1" ind2="2">
   <subfield code="d">s</subfield>
   <subfield code="0">(DE-588)4056730-8</subfield>
   <subfield code="0">(DE-627)106153897</subfield>
   <subfield code="0">(DE-576)209118776</subfield>
   <subfield code="a">Stadtentwicklung</subfield>
   <subfield code="2">gnd</subfield>
  </datafield>
  <datafield tag="689" ind1="1" ind2="3">
   <subfield code="a">z</subfield>
   <subfield code="2">gnd</subfield>
   <subfield code="a">Geschichte 817-824</subfield>
  </datafield>
  <datafield tag="689" ind1="1" ind2=" ">
   <subfield code="5">(DE-627)</subfield>
  </datafield>
  <datafield tag="787" ind1="0" ind2="8">
   <subfield code="i">Rezensiert in</subfield>
   <subfield code="a">Hartmann, Florian, 1975 - </subfield>
   <subfield code="t">Rezension von Caroline J. Goodson:  The Rome of Pope Paschal I. Papal Power  Urban Renovation</subfield>
   <subfield code="d">2011</subfield>
   <subfield code="w">(DE-627)1767051344</subfield>
  </datafield>
  <datafield tag="787" ind1="0" ind2="8">
   <subfield code="i">Rezensiert in</subfield>
   <subfield code="a">Schmitz-Esser, Romedio, 1978 - </subfield>
   <subfield code="t">[Rezension von: Caroline J. Goodson, The Rome of Pope Paschal I. Papal power, urban renovation, church rebuilding and relic translation, 817-824]</subfield>
   <subfield code="d">2012</subfield>
   <subfield code="w">(DE-627)1801702764</subfield>
  </datafield>
  <datafield tag="787" ind1="0" ind2="8">
   <subfield code="i">Rezensiert in</subfield>
   <subfield code="a">Screen, Elina</subfield>
   <subfield code="t">The Rome of Pope Paschal I. Papal power, urban renovation, church rebuilding and relic translation, 812–824. By Caroline J. Goodson. (Cambridge Studies in Medieval Life and Thought. 4th Ser.) Pp. xxi+385 incl. 46 ills. Cambridge University Press, 2010. £60. 978 0 521 76819 1</subfield>
   <subfield code="d">2012</subfield>
   <subfield code="w">(DE-627)178465907X</subfield>
  </datafield>
  <datafield tag="830" ind1=" " ind2="0">
   <subfield code="a">Cambridge studies in medieval life and thought</subfield>
   <subfield code="v">Ser. 4, [77]</subfield>
   <subfield code="9">S4,77</subfield>
   <subfield code="w">(DE-627)16714362X</subfield>
   <subfield code="w">(DE-576)001412639</subfield>
   <subfield code="w">(DE-600)417520-7</subfield>
   <subfield code="x">0950-6314</subfield>
  </datafield>
  <datafield tag="856" ind1="4" ind2="2">
   <subfield code="u">https://swbplus.bsz-bw.de/bsz313644772inh.htm</subfield>
   <subfield code="m">B:DE-576;DE-16</subfield>
   <subfield code="q">application/pdf</subfield>
   <subfield code="v">20100729112858</subfield>
   <subfield code="x">Verlag</subfield>
   <subfield code="3">Inhaltsverzeichnis</subfield>
  </datafield>
  <datafield tag="856" ind1="4" ind2="2">
   <subfield code="u">http://www.sehepunkte.de/2012/10/21043.html</subfield>
   <subfield code="m">V:DE-576;X:Sehepunkte</subfield>
   <subfield code="q">text/html</subfield>
   <subfield code="v">20180413101206</subfield>
   <subfield code="3">Rezension</subfield>
  </datafield>
  <datafield tag="935" ind1=" " ind2=" ">
   <subfield code="a">mteo</subfield>
  </datafield>
  <datafield tag="935" ind1=" " ind2=" ">
   <subfield code="i">Blocktest</subfield>
  </datafield>
  <datafield tag="936" ind1="r" ind2="v">
   <subfield code="a">NV 2510</subfield>
   <subfield code="b">Paschalis I. 817-824</subfield>
   <subfield code="k">Religions- und Kirchengeschichte</subfield>
   <subfield code="k">Geschichte der katholischen Kirche</subfield>
   <subfield code="k">Geschichte des Papsttums</subfield>
   <subfield code="k">Einzelne Päpste</subfield>
   <subfield code="k">Paschalis I. 817-824</subfield>
   <subfield code="0">(DE-627)1271669935</subfield>
   <subfield code="0">(DE-625)rvk/131648:</subfield>
   <subfield code="0">(DE-576)201669935</subfield>
  </datafield>
  <datafield tag="936" ind1="b" ind2="k">
   <subfield code="a">74.72</subfield>
   <subfield code="j">Stadtplanung</subfield>
   <subfield code="j">kommunale Planung</subfield>
   <subfield code="0">(DE-627)106411039</subfield>
  </datafield>
  <datafield tag="936" ind1="b" ind2="k">
   <subfield code="a">15.31</subfield>
   <subfield code="j">Frühes Mittelalter</subfield>
   <subfield code="x">Europäische Geschichte</subfield>
   <subfield code="0">(DE-627)181571552</subfield>
  </datafield>
  <datafield tag="936" ind1="b" ind2="k">
   <subfield code="a">11.50</subfield>
   <subfield code="j">Kirchengeschichte</subfield>
   <subfield code="j">Dogmengeschichte</subfield>
   <subfield code="0">(DE-627)106403877</subfield>
  </datafield>
  <datafield tag="951" ind1=" " ind2=" ">
   <subfield code="a">BO</subfield>
  </datafield>
  <datafield tag="990" ind1=" " ind2=" ">
   <subfield code="a">Paschalis &lt;I., Papst&gt; </subfield>
  </datafield>
  <datafield tag="990" ind1=" " ind2=" ">
   <subfield code="a">Primat</subfield>
  </datafield>
  <datafield tag="990" ind1=" " ind2=" ">
   <subfield code="a">Kirchliche Erneuerung</subfield>
  </datafield>
  <datafield tag="990" ind1=" " ind2=" ">
   <subfield code="a">Rom</subfield>
  </datafield>
  <datafield tag="990" ind1=" " ind2=" ">
   <subfield code="a">Städtebau</subfield>
  </datafield>
  <datafield tag="990" ind1=" " ind2=" ">
   <subfield code="a">Stadtentwicklung</subfield>
  </datafield>
  <datafield tag="990" ind1=" " ind2=" ">
   <subfield code="a">Geschichte 817-824</subfield>
  </datafield>
  <datafield tag="991" ind1=" " ind2=" ">
   <subfield code="a">Rezensiertes Werk</subfield>
  </datafield>
  <datafield tag="999" ind1=" " ind2=" ">
   <subfield code="a">KXP-PPN611244578</subfield>
   <subfield code="e">4169770277</subfield>
  </datafield>
 </record>
</collection>
